000 00433nam a2200157Ia 4500
003 GCL
008 140319s9999 xx 000 0 eng d
040 _aGCL /
_cGCL
082 0 4 _a340.5
_bF A
100 1 _aFOLEY, LINDA A.
245 1 0 _aA PSYCHOLOGICAL VIEW OF THE LEGAL SYSTEM /
_cFOLEY, LINDA A.
260 _a[S.N] :
_bBROWN AND BENCHMANK PUBBISERS ،
_c1993
300 _a384 P
650 0 4 _aLAW - PSYCHOLOGY
942 _2ddc
_cBK
999 _c13976
_d13976